Developing the personal and socio-economic potential of young people : (Record no. 3063)
[ view plain ]
| 000 -LEADER | |
|---|---|
| fixed length control field | 01188nam a22002297a 4500 |
| 001 - CONTROL NUMBER | |
| control field | 3063 |
| 003 - CONTROL NUMBER IDENTIFIER | |
| rucl marc code | BD-RjUL |
| 005 - DATE AND TIME OF LATEST TRANSACTION | |
| control field | 20211208233652.0 |
| 008 - FIXED-LENGTH DATA ELEMENTS--GENERAL INFORMATION | |
| fixed length control field | 131218s1995 fj a|||| b||| 00| 0 eng d |
| 035 ## - SYSTEM CONTROL NUMBER | |
| System control number | (BD-RjUL)3097 |
| 040 ## - CATALOGING SOURCE | |
| Original cataloging agency | BD-RjUL |
| Language of cataloging | eng |
| Transcribing agency | BD-RjUL |
| 041 ## - LANGUAGE CODE | |
| Language code of text/sound track or separate title | eng |
| 082 ## - DEWEY DECIMAL CLASSIFICATION NUMBER | |
| Edition number | 21 |
| Classification number | 305.2420996 |
| Author mark and year | DEV 1995 |
| 245 00 - TITLE STATEMENT | |
| Title | Developing the personal and socio-economic potential of young people : |
| Remainder of title | a training guide for youth workers, leaders and facilitators. / |
| Statement of responsibility, etc. | edited by Joseph Veramo; Fiji Adult and Community Education Think-Tank Group.; Institute for International Co-operation of the German Adult Education Association. |
| 260 ## - PUBLICATION, DISTRIBUTION, ETC. (IMPRINT) | |
| Place of publication, distribution, etc. | Suva [Fiji] : |
| Name of publisher, distributor, etc. | Fiji Adult and Community Education Think-Tank in association with the Institute for InternationalCo-operation of the German Adult Education Association (IIZ/DVV), |
| Date of publication, distribution, etc. | ©1995. |
| 300 ## - PHYSICAL DESCRIPTION | |
| Pagination | ix, 164 p. : |
| Illustrations | ill. ; |
| Size | 26 cm. |
| 504 ## - BIBLIOGRAPHY, ETC. NOTE | |
| Bibliography, etc | Includes bibliographies. |
| 650 #0 - SUBJECT ADDED ENTRY--TOPICAL TERM | |
| Topical term or geographic name as entry element | Youth |
| General subdivision | Growth |
| Geographic subdivision | Pacific Area |
| 9 (RLIN) | 117160 |
| 700 1# - ADDED ENTRY--PERSONAL NAME | |
| Personal name | Veramo, Joseph |
| 710 #2 - ADDED ENTRY--CORPORATE NAME | |
| Corporate name or jurisdiction name as entry element | Fiji Adult and Community Education Think-Tank Group.; |
| Subordinate unit | Institute for International Co-operation of the German Adult Education Association. |
| 9 (RLIN) | 9736 |
| 942 ## - ADDED ENTRY ELEMENTS (KOHA) | |
| Source of classification or shelving scheme | Dewey Decimal Classification |
| Koha item type | Books |
| Lost status | Source of classification or shelving scheme | Damaged status | Not for loan | Collection code | Permanent Location | Current Location | Shelving location | Date acquired | Source of acquisition | Cost, normal purchase price | Total Checkouts | Full call number | Date last seen | Copy number | Koha item type |
|---|---|---|---|---|---|---|---|---|---|---|---|---|---|---|---|
| Dewey Decimal Classification | Non-fiction | Central Library, University of Rajshahi | Central Library, University of Rajshahi | 24/03/1998 | R.U. Social Work Dep. | 28.00 | 305.2420996 DEV 1995 | 18/12/2013 | C-2 | Books | |||||
| Dewey Decimal Classification | Non-fiction | Central Library, University of Rajshahi | Central Library, University of Rajshahi | 24/03/1998 | R.U. Social Work Dep. | 28.00 | 305.2420996 DEV 1995 | 18/12/2013 | C-3 | Books | |||||
| Dewey Decimal Classification | Non-fiction | Central Library, University of Rajshahi | Central Library, University of Rajshahi | 24/03/1998 | R.U. Social Work Dep. | 28.00 | 305.2420996 DEV 1995 | 18/12/2013 | C-5 | Books | |||||
| Dewey Decimal Classification | Not For Loan | Non-fiction | Central Library, University of Rajshahi | Central Library, University of Rajshahi | Reading Room | 24/03/1998 | রা. বি. সমাজ কর্ম বিভাগ, প্রফুল্ল চন্দ্র সরকার | 28.00 | 305.2420996 DEV 1995 | 28/07/2015 | C-1 | Books | |||
| Dewey Decimal Classification | Not For Loan | Non-fiction | Central Library, University of Rajshahi | Central Library, University of Rajshahi | 24/03/1998 | রা. বি. সমাজ কর্ম বিভাগ, প্রফুল্ল চন্দ্র সরকার | 28.00 | 305.2420996 DEV 1995 | 28/07/2015 | C-4 | Books | ||||
| Dewey Decimal Classification | Non-fiction | Central Library, University of Rajshahi | Central Library, University of Rajshahi | 24/03/1998 | Prof. M. A. Hamid | 28.00 | 305.2420996 DEV 1995 | 18/12/2016 | C-6 | Books |